Estudio de la susceptibilidad magnetoeléctrica en el Cr2O3 policristalino / (Record no. 99341)

MARC details
000 -LEADER
campo de control de longitud fija 00695nam a2200217 i 4500
001 - NÚMERO DE CONTROL
campo de control 99341
003 - IDENTIFICADOR DE NÚMERO DE CONTROL
campo de control ES-MaACL
005 - FECHA Y HORA DE LA ÚLTIMA TRANSACCIÓN
campo de control 20250817062553.0
007 - CAMPO FIJO DE DESCRIPCIÓN FÍSICA--INFORMACIÓN GENERAL
campo de control de longitud fija t|
008 - DATOS DE LONGITUD FIJA--INFORMACIÓN GENERAL
campo de control de longitud fija 050907s1979 sp ||||1| spa d
100 1# - ENTRADA PRINCIPAL--NOMBRE DE PERSONA
Nombre de persona Martín Pérez, Rafael C.
9 (RLIN) 77608
245 10 - MENCIÓN DEL TÍTULO
Título Estudio de la susceptibilidad magnetoeléctrica en el Cr2O3 policristalino /
Mención de responsabilidad, etc. C. Rafael Martín Pérez.
260 ## - PUBLICACIÓN, DISTRIBUCIÓN, ETC.
Lugar de publicación, distribución, etc. Madrid :
Nombre del editor, distribuidor, etc. Fundación Juan March,
Fecha de publicación, distribución, etc. 1979.
300 ## - DESCRIPCIÓN FÍSICA
Extensión 43 p. ;
Dimensiones 21 cm.
490 1# - MENCIÓN DE SERIE
Mención de serie Serie universitaria
710 2# - ENTRADA AGREGADA--NOMBRE DE ENTIDAD CORPORATIVA
Nombre de entidad corporativa o nombre de jurisdicción como elemento de entrada Fundación Juan March
9 (RLIN) 4346
830 0# - PUNTO DE ACCESO ADICIONAL DE SERIE-TÍTULO UNIFORME
Título uniforme Serie universitaria
9 (RLIN) 180747
852 ## - LOCALIZACIÓN
Ubicación ES-MaACL
Número de control de estantería 2101-F-26
Sublocalización o colección R.98860
852 ## - LOCALIZACIÓN
Ubicación ES-MaACL
Número de control de estantería 2110-F-3
Sublocalización o colección R.99245
Holdings
Estatus retirado Estado de pérdida Estado de daño No para préstamo Colección Biblioteca de origen Biblioteca actual Ubicación en estantería Fecha de adquisición Fuente de adquisición Total de préstamos Signatura topográfica completa Código de barras Visto por última vez Precio de reemplazo Tipo de ítem Koha
        Colección de folletos Biblioteca del Ateneo de Madrid Biblioteca del Ateneo de Madrid Depósito folletos 17/01/2008     2110-F-3 1103732 23/02/2023 23/02/2023 Folleto
        Colección de folletos Biblioteca del Ateneo de Madrid Biblioteca del Ateneo de Madrid Depósito folletos 17/01/2008     2101-F-26 1103731 23/02/2023 23/02/2023 Folleto